| 000 | 00592nam a2200193Ia 4500 | ||
|---|---|---|---|
| 008 | 151121s9999||||xx |||||||||||||| ||und|| | ||
| 082 | _a812 / ठकार | ||
| 082 | _bHNW-74803 | ||
| 100 | _aठकार सुलभा | ||
| 245 | _aसंगीत इंद्रधनू | ||
| 260 | _b"संगत, सोलापूर" | ||
| 260 | _c-- | ||
| 300 | _a50 | ||
| 600 | _aठकार सुलभा | ||
| 630 | _aसंगीत इंद्रधनू | ||
| 700 | _aठकार सुलभा | ||
| 730 | _aसंगीत इंद्रधनू | ||
| 942 | _cBOOK | ||
| 999 |
_c1256249 _d1256246 |
||